| 000 | 02378nam0a2200361 4500 | ||
|---|---|---|---|
| 001 | RU\NLR\bibl\1422355 | ||
| 005 | 20250615214932.0 | ||
| 010 |
_a978-5-9961-0087-3 _9300 |
||
| 021 |
_aRU _b2009-60712 _93742 |
||
| 035 | _a(NLR Aleph) 001414293 | ||
| 090 |
_a1302202 _c1302202 |
||
| 100 | _a20091010d2009 |||y0rusy50 ca | ||
| 101 | 0 | _arus | |
| 102 | _aRU | ||
| 105 | _aa ||||||||| | ||
| 200 | 1 |
_aВведение в научное исследование. Обработка результатов экспериментов _eучебное пособие для студентов вузов, обучающихся по специальности "Организация перевозок и управление на транспорте (Автомобильный транспорт)" направления подготовки "Оргнизация перевозок и управление на транспорте" _fЛ.Г. Резник, В.Н. Карнаухов, П.В. Евтин _gФедер. агентство по образованию, Гос. образоват. учреждение высш. проф. образования "Тюм. гос. тефтегаз. ун-т" |
|
| 210 |
_aТюмень _cТюменский государственный нефтегазовый университет _d2009 |
||
| 215 |
_a89 с. _cил. _d21 |
||
| 320 | _aБиблиогр.: с. 89 (13 назв.) | ||
| 606 | 1 |
_aАвтомобильный транспорт _jУчебные издания для высших учебных заведений _xНаучно-исследовательская работа _92174982 _3RU\NLR\auth\661308122 |
|
| 606 | 1 |
_aАнализ данных _jУчебные издания для высших учебных заведений _92244810 _3RU\NLR\auth\661346787 |
|
| 686 | _aО3е(2)я73-1 | ||
| 686 | _aЧ215.31я73 | ||
| 700 | 1 |
_4070 _7ca _8rus _aРезник _bЛ. Г. _cд-р техн. наук _f1932-2015 _gЛеонид Григорьевич _9175978 _3RU\NLR\AUTH\770176029 |
|
| 701 | 1 |
_aКарнаухов _bВ. Н. _gВладимир Николаевич _4070 |
|
| 701 | 1 |
_aЕвтин _bП. В. _gПавел Владимирович _4070 |
|
| 801 | 0 |
_aRU _bNLR _c20091010 _gRCR |
|
| 801 | 1 |
_aRU _bNLR _c20091010 |
|
| 830 | _aАвт. по кн. | ||
| 942 | _cBOOK | ||
| 980 | _aNB | ||